000 00630nam a2200229Ia 4500
003 OSt
005 20220918202653.0
006 a|||||r|||| 00| 0
007 ta
008 220917b |||||||| |||| 00| 0 eng d
024 _a102,970
037 _cTextual
040 _aARTS
_cARTS
_beng
041 _2eng
_aeng
082 _aV2G06,1:28, J9,J9;2 (EV)
100 _aDay U N
245 0 _aAdministrative system of Delhi Sultanat, 1206-1413 A D
260 _aAllahabad
_bKitab Mahal
_c1959
650 _aHISTORY
942 _hV2G06,1:28, J9,J9;2 (EV)
_cTEXL
_2CC
999 _c226415
_d226415